00514nam a2200193 a 4500001001300000003000900013005001700022008004100039020001000080082001400090100002300104245006500127260003800192300000900230500003500239505001000274650001300284700002300297nice12345678IN_TiNIC20260116011837.0050524s1945 lona grp 000 0 eng  ac10000a230bCAD1 aCadoux, Cecil John aPilgrim`s Further Progressb Dialogues on Christian Teaching aLondonbReligious Book Clubc1945 a211p aincludes index and biblioraphy2 aIndex aTheology1 aCadoux, Cecil John